| 000 | 00000nam 2200000zi 4500 |
| 001 | 9.945180 |
| 003 | CaOODSP |
| 005 | 20241128093214 |
| 006 | m o d f |
| 007 | cr |n||||||||| |
| 008 | 241114s1983 onc o f000 0 eng d |
| 040 | |aCaOODSP|beng|erda|cCaOODSP |
| 043 | |an-cn--- |
| 086 | 1 |aZ1-1983/1-31-3E-PDF |
| 110 | 2 |aRoyal Commission on the Economic Union and Development Prospects for Canada.|eauthor, |eissuing body. |
| 245 | 10|aReport highlights / |cRoyal Commission on the Economic Union and Development Prospects for Canada. |
| 264 | 1|a[Ottawa] : |bRoyal Commission on the Economic Union and Development Prospects for Canada, |c[1983] |
| 300 | |a1 online resource (32 pages) |
| 336 | |atext|btxt|2rdacontent |
| 337 | |acomputer|bc|2rdamedia |
| 338 | |aonline resource|bcr|2rdacarrier |
| 500 | |aIssued also in French under title: Les points saillants du Rapport. |
| 500 | |aDigitized edition from print [produced by Government of Canada Publications Directorate]. |
| 650 | 0|aEconomic forecasting|zCanada. |
| 651 | 0|aCanada|xEconomic policy. |
| 651 | 0|aCanada|xEconomic conditions. |
| 710 | 1 |aCanada. |bPrivy Council Office, |eissuing body. |
| 775 | 08|tLes points saillants du rapport / |w(CaOODSP)9.945694 |
| 856 | 40|qPDF|s1.24 MB|uhttps://publications.gc.ca/collections/collection_2024/bcp-pco/Z1-1983-1-31-3-eng.pdf |